| 000 | 00748cam a2200229 4500 | ||
|---|---|---|---|
| 001 | WB3614-19 | ||
| 008 | 000000n2000 000 0 eng u | ||
| 035 | _a(Sirsi) u105208 | ||
| 245 | _aSpring in the air? | ||
| 260 | _c2000 | ||
| 490 |
_aEstates Gazette _v(0013) 1 April 2000, 58(1) |
||
| 520 | _aProperty companies' share prices improved in March, possibly due to the buy-back programmes which many of them implemented following poor end of year results in December. Graphs. | ||
| 590 | _aWB | ||
| 650 | _aSHARE PRICES | ||
| 650 | _aSHARE BUY-BACK SCHEMES | ||
| 650 | _aPROPERTY COMPANIES | ||
| 650 | _aPROPERTY SHARES | ||
| 650 | _aFTSE INDEX | ||
| 650 | _aFTSE REAL ESTATE INDEX (FTSEREI) | ||
| 690 | _aINVESTMENT | ||
| 942 | _n0 | ||
| 999 |
_c63092 _d63092 |
||